000 01222nam0a2200313 i 4500
001 RU\NLR\bibl\2026636
005 20241114172455.0
010 _a9785912833090
_9100
021 _aRU
_b2013-26116
_91801
035 _a(NLR Aleph) 002014645
090 _a4475514
_c4475514
100 _a20131026d2012 k y0rusy50 ca
101 0 _arus
102 _aRU
105 _ay |||||||||
200 1 _aОтветственность военнослужащих по административному праву
_eмонография
_fС.М. Кондратьев, Е.Ю. Шатская
_gЮж.-Ур. гос. ун-т
210 _aЧелябинск
_cЦицеро
_d2012
215 _a144, [1] с.
_d20
320 _aБиблиогр.: с. 133-145
606 _aВоеннослужащие
_xАдминистративная ответственность
_yРоссийская Федерация
_92037928
_3RU\NLR\AUTH\661223400
686 1 _aХ621.033.2
686 1 _aЦ4,6(2)272
700 1 _aКондратьев
_bС. М.
_4070
701 1 _aШатская
_bЕ. Ю.
_4070
801 0 _aRU
_bNLR
_c20130422
_gRCR
801 1 _aRU
_bNLR
_c20130422
942 _cBOOK
980 _aNBR